Fabulaciones del aire de otros reynos
Kaydedildi:
| Yazar: | |
|---|---|
| Materyal Türü: | Kitap |
| Dil: | İspanyolca |
| Baskı/Yayın Bilgisi: |
Valparaíso
Sol Invictus
1999
|
| Konular: | |
| Etiketler: |
Etiketle
Etiket eklenmemiş, İlk siz ekleyin!
|
MARC
| LEADER | 00000nam a2200000 a 4500 | ||
|---|---|---|---|
| 001 | UCN3334 | ||
| 003 | CL-VaPUC | ||
| 008 | 010622e19990000CL |||||||||||||||||spa|d | ||
| 082 | 0 | 4 | |a Ch861 |b GAV |2 21 |
| 100 | |a Gavilán Muñoz, Ismael |e autor |9 771789 | ||
| 245 | 1 | 0 | |a Fabulaciones del aire de otros reynos |
| 300 | |a 75 p | ||
| 942 | |c BK | ||
| 945 | |d 20010622 00:00:00 |a cmena | ||
| 260 | |a Valparaíso |b Sol Invictus |c 1999 | ||
| 650 | 0 | |a Poesías chilenas |9 265280 | |
| 650 | 0 | |a Literatura chilena |9 308278 | |
| 583 | |a last modification |c 20010622 00:00:00 |k Rodrigo Vera | ||
| 999 | |c 296253 |d 296251 | ||
| 952 | |0 0 |1 0 |4 0 |6 CH_861_000000000000000_GAV_1999 |7 0 |8 A |9 349891 |a BIBART |b BIBART |d 2019-11-20 |i 3671577 |o Ch861 GAV 1999 |p 3671577 |r 2025-03-13 |w 2019-11-20 |y BK |k ART | ||
| 952 | |0 0 |1 0 |4 0 |6 CH_861_000000000000000_GAV_1999 |7 0 |8 A |9 349892 |a BIBEDU |b BIBEDU |d 2019-11-20 |i 3671623 |o Ch861 GAV 1999 |p 3671623 |r 2019-11-20 |w 2019-11-20 |y BK |k LIT | ||